000 00664nam a22001697a 4500
003 OSt
005 20171010095439.0
008 120606t xxu||||| |||| 00| 0 eng d
040 _aMMSU
_cULS
100 _aBaluan, Kennedy A., Pascual, Adelfa R.
_910010
245 _aWeb-based online public access catalog for non-book materials at Mariano Marcos State University-Main Library
_cKennedy A. Baluan, Adelfa R. Pascual
260 _c2007
300 _ax, [156] leaves
_c28 cm.
500 _aThesis (BS Computer Science) -- Mariano Marcos State University-College of Arts and Sciences, Batac City
504 _aBibliography: leaves 56-57
942 _2ddc
_cTHEDIS
999 _c9534
_d9534